Определение квадратных параметрических обобщенных обратных матриц Мура-Пенроуза применением дифференциальных преобразований Пухова; Известия Томского политехнического университета [Известия ТПУ]; Т. 323, № 2 : Математика и механика. Физика

Bibliografische gegevens
Parent link:Известия Томского политехнического университета [Известия ТПУ]/ Томский политехнический университет (ТПУ).— , 2000-
Т. 323, № 2 : Математика и механика. Физика.— 2013.— [С. 6-10]
Hoofdauteur: Симонян С. О. Саркис Оганесович
Samenvatting:Заглавие с титульного листа
Электронная версия печатной публикации
Предложен достаточно простой численно-аналитический метод определения квадратных параметрических обобщенных обратных матриц Мура-Пенроуза. Рассмотрена известная тестовая задача.
The author has proposed rather simple numerical analytical technique for determining square parametric generalized inverseMoore-Penrose matrices. The known test task is considered.
Taal:Russisch
Gepubliceerd in: 2013
Reeks:Математика и механика
Onderwerpen:
Online toegang:http://earchive.tpu.ru/bitstream/11683/4932/1/bulletin_tpu-2013-323-2-01.pdf
Formaat: Elektronisch Hoofdstuk
KOHA link:https://koha.lib.tpu.ru/cgi-bin/koha/opac-detail.pl?biblionumber=244102

MARC

LEADER 00000nla2a2200000 4500
001 244102
005 20231031210734.0
035 |a (RuTPU)RU\TPU\book\265482 
035 |a RU\TPU\book\264224 
090 |a 244102 
100 |a 20131015d2013 k y0rusy50 ca 
101 0 |a rus 
102 |a RU 
135 |a drnn ---uucaa 
181 0 |a i  
182 0 |a b 
200 1 |a Определение квадратных параметрических обобщенных обратных матриц Мура-Пенроуза применением дифференциальных преобразований Пухова  |b Электронный ресурс  |f С. О. Симонян 
203 |a Текст  |c электронный 
215 |a 1 файл (230 Кб) 
225 1 |a Математика и механика 
230 |a Электронные текстовые данные (1 файл : 230 Кб) 
300 |a Заглавие с титульного листа 
300 |a Электронная версия печатной публикации 
320 |a [Библиогр.: с. 10 (12 назв.)] 
330 |a Предложен достаточно простой численно-аналитический метод определения квадратных параметрических обобщенных обратных матриц Мура-Пенроуза. Рассмотрена известная тестовая задача. 
330 |a The author has proposed rather simple numerical analytical technique for determining square parametric generalized inverseMoore-Penrose matrices. The known test task is considered. 
337 |a Adobe Reader 
453 |t Determination of square parametric generalized inverse Moore-Penrose matrices applying differential transformations of Pukhov  |o translation from Russian  |f S. O. Simonyan  |c Tomsk  |n TPU Press  |d 2013  |a Simonyan, S. O. 
461 1 |0 (RuTPU)RU\TPU\book\176237  |t Известия Томского политехнического университета [Известия ТПУ]  |f Томский политехнический университет (ТПУ)  |d 2000- 
463 1 |0 (RuTPU)RU\TPU\book\265409  |x 1684-8519  |t Т. 323, № 2 : Математика и механика. Физика  |v [С. 6-10]  |d 2013  |p 223 с. 
610 1 |a квадратные параметрические матрицы 
610 1 |a обобщенные обратные матрицы 
610 1 |a матрицы Мура-Пенроуза 
610 1 |a преобразования Пухова 
610 1 |a дифференциальные преобразования 
610 1 |a электронный ресурс 
610 |a square parametric matrix 
610 |a generalized inverse matrix 
610 |a differential transformations 
700 1 |a Симонян  |b С. О.  |g Саркис Оганесович 
801 1 |a RU  |b 63413507  |c 20090623  |g PSBO 
801 2 |a RU  |b 63413507  |c 20190517  |g PSBO 
856 4 |u http://earchive.tpu.ru/bitstream/11683/4932/1/bulletin_tpu-2013-323-2-01.pdf 
942 |c CF